| 000 | 00727cam a2200217 a 4500 | ||
|---|---|---|---|
| 020 | _a9780471661740 (cloth : acidfree paper) | ||
| 020 | _a0471661740 (cloth : acidfree paper) | ||
| 082 | 0 | 0 |
_a541.369 _bSAN/CH |
| 100 | 1 | _aSandler, Stanley I., | |
| 245 | 1 | 0 | _aChemical, biochemical, and engineering thermodynamics / |
| 250 | _a4th ed. | ||
| 260 |
_aNew Delhi : _bWiley India Pvt. Ltd, _cc2006. |
||
| 300 |
_axiv, 945 p. : _bill. ; _e1 CD-ROM (4 3/4 in.) |
||
| 500 | _aRev. ed. of: Chemical and engineering thermodynamics. 3rd ed. c1999. | ||
| 500 | _aIncludes index. | ||
| 650 | 0 | _aThermodynamics | |
| 650 | 0 | _aChemical engineering | |
| 650 | 0 | _aBiochemical engineering | |
| 700 | 1 | _aSandler, Stanley I., | |
| 942 | _cBK | ||
| 999 |
_c13899 _d13899 |
||